Normal view
MARC view
Entry Topical Term
001 - CONTROL NUMBER
- control field: 263658
003 - CONTROL NUMBER IDENTIFIER
- control field: OSt
005 - DATE AND TIME OF LATEST TRANSACTION
- control field: 20260508151854.0
008 - FIXED-LENGTH DATA ELEMENTS
- fixed length control field: 260508|| aca||aabn | a|a d
040 ## - CATALOGING SOURCE
- Original cataloging agency: OSt
- Transcribing agency: OSt
150 ## - HEADING--TOPICAL TERM
- Topical term or geographic name entry element: Janapada
670 ## - SOURCE DATA FOUND
- Source citation: Work cat.: (OSt)95677: PALTADI RAMAKRASHNA ACHAR. ಪಾಲ್ತಾಡಿ ರಾಮಕೃಷ್ಣ ಆಚಾರ್ 263657, Janapada spandana., 1990